MARC details
| 000 -CABECERA |
| campo de control de longitud fija |
01754nam a2200349 i 4500 |
| 001 - NÚMERO DE CONTROL |
| campo de control |
000022146 |
| 003 - IDENTIFICADOR DEL NÚMERO DE CONTROL |
| campo de control |
DO-SdBNP |
| 005 - FECHA Y HORA DE LA ÚLTIMA TRANSACCIÓN |
| campo de control |
20260423093409.0 |
| 007 - CAMPO FIJO DE DESCRIPCIÓN FÍSICA--INFORMACIÓN GENERAL |
| campo de control de longitud fija |
ta |
| 008 - DATOS DE LONGITUD FIJA--INFORMACIÓN GENERAL |
| campo de control de longitud fija |
100917s1996 dr 000 0 spa d |
| 020 ## - NÚMERO INTERNACIONAL ESTÁNDAR DEL LIBRO |
| Número Internacional Estándar del Libro |
8489525536 |
| 040 ## - FUENTE DE LA CATALOGACIÓN |
| Centro catalogador/agencia de origen |
DO-SdBNP |
| Lengua de catalogación |
spa |
| Centro/agencia transcriptor |
BNPHU |
| Normas de descripción |
rda |
| 041 ## - CÓDIGO DE LENGUA |
| Código de lengua del texto/banda sonora o título independiente |
spa |
| 082 #4 - NÚMERO DE LA CLASIFICACIÓN DECIMAL DEWEY |
| Número de clasificación |
307.76 |
| Número de documento/Ítem |
P438u |
| Número de edición |
22 |
| 100 ## - ENTRADA PRINCIPAL--NOMBRE DE PERSONA |
| Nombre de persona |
Pérez Núñez, César, |
| Término indicativo de función/relación |
autor |
| Código de función/relación |
aut. |
| 9 (RLIN) |
17961 |
| 245 10 - MENCIÓN DE TÍTULO |
| Título |
Urbanización y municipio en Santo Domingo / |
| Mención de responsabilidad, etc. |
César Pérez Núñez ; editor, Víctor Eddy Ruiz B. |
| 264 #4 - PRODUCCIÓN, PUBLICACIÓN, DISTRIBUCIÓN, FABRICACIÓN Y COPYRIGHT |
| Producción, publicación, distribución, fabricación y copyright |
Santo Domingo, República Dominicana : |
| Nombre del de productor, editor, distribuidor, fabricante |
INTEC, |
| Fecha de producción, publicación, distribución, fabricación o copyright |
©1996. |
| 300 ## - DESCRIPCIÓN FÍSICA |
| Extensión |
234 páginas ; |
| Dimensiones |
21 cm. |
| 336 ## - TIPO DE CONTENIDO |
| Término de tipo de contenido |
texto |
| Código de tipo de contenido |
txt |
| Fuente |
rdacontent |
| 337 ## - TIPO DE MEDIO |
| Nombre/término del tipo de medio |
sin mediación |
| Código del tipo de medio |
n |
| Fuente |
rdamedia |
| 338 ## - TIPO DE SOPORTE |
| Nombre/término del tipo de soporte |
volumen |
| Código del tipo de soporte |
nc |
| Fuente |
rdacarrier |
| 500 ## - NOTA GENERAL |
| Nota general |
Incluye referencias bibliográficas y notas al pie de las páginas |
| 504 ## - NOTA DE BIBLIOGRAFÍA, ETC. |
| Nota de bibliografía, etc. |
Bibliografía: páginas 227-234 |
| 505 0# - NOTA DE CONTENIDO CON FORMATO |
| Nota de contenido con formato |
Orígenes del ayuntamiento -- |
| Título |
Lo urbano y el municipio en la historia dominicana -- |
| -- |
Producción de lo urbano en la era de Trujillo -- |
| -- |
Política urbana postrujillista -- |
| -- |
Comportamiento espacial de la ciudad de Santo Domingo -- |
| -- |
La crisis urbana y el problema de la gobernabilidad -- |
| -- |
Estructura político-administrativa de la República Dominicana -- |
| -- |
Luchas y demandas sociales -- |
| -- |
El Municipio como nuevo escenario de la política -- |
| -- |
Democracia y territorialidad de la política. |
| -- |
Bibliografía |
| 590 ## - NOTA LOCAL (RLIN) |
| Nota local |
Inventariado, 2018/DG |
| 650 #4 - PUNTO DE ACCESO ADICIONAL DE MATERIA--TÉRMINO DE MATERIA |
| Término de materia o nombre geográfico como elemento de entrada |
Urbanización |
| Subdivisión geográfica |
República Domingo, Santo Domingo |
| 9 (RLIN) |
45846 |
| 650 #4 - PUNTO DE ACCESO ADICIONAL DE MATERIA--TÉRMINO DE MATERIA |
| Término de materia o nombre geográfico como elemento de entrada |
Urbanismo |
| Subdivisión geográfica |
República Dominicana, Santo Domingo |
| 9 (RLIN) |
45847 |
| 700 12 - PUNTO DE ACCESO ADICIONAL--NOMBRE DE PERSONA |
| Nombre de persona |
Ruiz B., Víctor Eddy, |
| Término indicativo de función/relación |
editor |
| Código de función/relación |
ed. |
| 9 (RLIN) |
12774 |
| 710 2# - PUNTO DE ACCESO ADICIONAL--NOMBRE DE ENTIDAD CORPORATIVA |
| Nombre de entidad corporativa o nombre de jurisdicción como elemento de entrada |
Instituto Tecnológico de Santo Domingo |
| 9 (RLIN) |
78911 |
| 910 ## - DATOS DE OPCIÓN DEL USUARIO (OCLC) |
| Datos de opción del usuario |
Validado. Control de calidad MFF |
| 942 ## - ELEMENTOS DE PUNTO DE ACCESO ADICIONAL (KOHA) |
| Fuente del sistema de clasificación o colocación |
Dewey Decimal Classification |
| Tipo de ítem Koha |
Libro |